| 000 | 00690nam a2200253Ia 4500 | ||
|---|---|---|---|
| 008 | 171025s9999 xx 000 0 und d | ||
| 020 | _a1883318262 | ||
| 050 | _a791.43 | ||
| 050 | _bM365 1995 | ||
| 100 | _aMarsh, David | ||
| 245 | _aLights! Camera! Celebrate! : | ||
| 245 | _bhollywood birthdays, bashes and blowouts / | ||
| 245 | _cby David Marsh. | ||
| 250 | _aFirst edition | ||
| 260 | _aCalifornia : | ||
| 260 | _bAngle City Press, | ||
| 260 | _c1995 | ||
| 300 | _a58 pages : | ||
| 300 | _bchiefly illustrations ; | ||
| 300 | _c23cm. | ||
| 650 | _aMotion picture actors and actresses -- | ||
| 650 | _xAnniversaries, etc. -- Pictorial works. | ||
| 700 | _aTitle. | ||
| 999 |
_c344795 _d344795 |
||